| 000 | 01047cam a22002533a 4500 | ||
|---|---|---|---|
| 001 | 423 | ||
| 003 | PGUSA | ||
| 005 | 20140828082948.0 | ||
| 008 | 960201s1996||||xxu|||||s|||||000 1 eng d | ||
| 040 |
_aPGUSA _beng |
||
| 042 | _adc | ||
| 050 | 4 | _aPR | |
| 100 | 1 |
_aDoyle, Arthur Conan, _d1859-1930 |
|
| 245 | 1 | 0 |
_aRound the Red Lamp : _bBeing Facts and Fancies of Medical Life _h[electronic resource] / _cArthur Conan Doyle |
| 260 |
_bProject Gutenberg, _c1996 |
||
| 505 | 0 | _aBehind the times -- His first operation -- A straggler of '15 -- The third generation -- A false start -- The curse of Eve -- Sweethearts -- A physiologist's wife -- The case of Lady Sannox -- A question of diplomacy -- A medical document -- Lot no. 249 -- The los amigos fiasco -- The doctors of Hoyland -- The surgeon talks. | |
| 506 | _aPublic domain in the USA. | ||
| 516 | _aElectronic text | ||
| 653 | _aPhysicians -- Fiction | ||
| 653 | _aMedical fiction | ||
| 830 | 0 |
_aProject Gutenberg _v423 |
|
| 856 | 4 | 0 | _uhttp://www.gutenberg.org/ebooks/423 |
| 942 | _cEB | ||
| 999 |
_c229774 _d229774 |
||